LEADER 01076oam 2200337z- 450 001 996530661703316 005 19860827000000.0 035 $a(CKB)5410000000347409 035 $a(EXLCZ)995410000000347409 100 $a20220308c1979uuuu -u- - 101 0 $aeng 200 10$aTropical grazing land ecosystems $ea state-of-knowledge report /$fprepared by Unesco, UNEP, FAO 210 $cUNESCO 311 $a92-3-101611-3 606 $aRangelands$xTropics 606 $aRange ecology$xTropics 606 $aRange management$xTropics 606 $aGrazing$xTropics 606 $aHuman ecology$xTropics 615 0$aRangelands$xTropics. 615 0$aRange ecology$xTropics. 615 0$aRange management$xTropics. 615 0$aGrazing$xTropics. 615 0$aHuman ecology$xTropics. 676 $a574.5/2643/0913 712 02$aUnited Nations Environment Programme. 712 02$aFood and Agriculture Organization of the United Nations. 906 $aBOOK 912 $a996530661703316 996 $aTropical grazing land ecosystems$91300971 997 $aUNISA